Batailles historiques par années - Statistiques

Statistiques générales
  • Ce quiz a été pris 174 fois
  • Le résultat moyen est 9 sur 15
Statistiques - réponses
Années Batailles % Correct
1815 (Angleterre vs France) Waterloo
92%
1515 (France vs Milan) Marignan
90%
1916 (France vs Allemagne) Verdun
90%
1805 (France vs Autriche) Austerlitz
86%
1942-1943 (URSS vs Allemagne) Stalingrad
85%
1870 (Prusse vs France) Sedan
73%
1954 (Việt Minh vs France) Diên Biên Phu
67%
-490 (Athènes vs Perse) Marathon
66%
1792 (France vs Prusse) Valmy
63%
1836 (Mexique vs Texas) Fort Alamo
38%
1863 (Union vs Confédération) Gettysburg
37%
1942 (Royaume-Uni vs Allemagne) El Alamein
35%
1876 (Amérindiens vs Etats-Unis) Little Bighorn
28%
1854 (Empire Ottoman vs Russie) Alma
7%
1991 (Etats-Unis vs Irak) Medina Ridge
0%
Aucun quiz correspondant
Distribution des résultats
% des personnes avec chaque résultat
Percentile par nombre de réponses
Votre historique - résultats
Vous n’avez pas pris ce quiz